[Event "Preinscritos IRT Online"]
[Site "Chess.com INT"]
[Date "2020.12.26"]
[Round "10"]
[White "Yantalima Barros, Luis Arturo"]
[Black "Rosero Espinosa, Andy Santiago"]
[Result "1-0"]
[WhiteElo "1611"]
[BlackElo "1406"]
[PlyCount "61"]
[EventDate "2020.12.26"]
[EventType "swiss"]
[EventRounds "11"]
[EventCountry "ECU"]
[SourceTitle "CBM 200 Extra"]
[Source "ChessBase"]
[SourceDate "2021.03.31"]
[SourceVersion "1"]
[SourceVersionDate "2021.03.31"]
[SourceQuality "1"]

1. e4 d5 2. exd5 Qxd5 3. Nc3 Qd6 4. d4 c6 5. Be3 Bf5 6. Qf3 Bg6 7. Bc4 e6 8. Rd1 Nf6 9. Nge2 Qc7 10. Bf4 Bd6 11. 0-0 Bh5 12. Qg3 Bxf4 13. Nxf4 Bxd1 14. Qxg7 Qxf4 15. Qxh8+ Ke7 16. Nxd1 Qg5 17. Qc8 Nbd7 18. Qxa8 h5 19. Qxb7 h4 20. Qxc6 h3 21. Ne3 hxg2 22. Qxg2 Qf4 23. Qg3 Qh6 24. Re1 Ne4 25. Qg2 Nd6 26. Bb3 Nf6 27. d5 Qh4 28. dxe6 fxe6 29. Qg7+ Nf7 30. Nf5+ Kd7 31. Nxh4 1-0

[Event "ECU-ch Schools U15 Clas2"]
[Site "Chess.com INT"]
[Date "2020.11.07"]
[Round "7"]
[White "Yantalima Barros, Luis Arturo"]
[Black "Torres Tomala, Jeffrey Josue"]
[Result "0-1"]
[WhiteElo "1013"]
[BlackElo "1384"]
[PlyCount "54"]
[EventDate "2020.11.07"]
[EventType "swiss"]
[EventRounds "9"]
[EventCountry "ECU"]
[SourceTitle "EXT 2022"]
[Source "ChessBase"]
[SourceDate "2021.10.06"]
[SourceVersion "1"]
[SourceVersionDate "2021.10.06"]
[SourceQuality "1"]

1. e4 c5 2. Nf3 d6 3. d4 cxd4 4. Nxd4 Nf6 5. Nc3 a6 6. Bg5 e6 7. f4 Be7 8. Qf3 h6 9. Bh4 Nbd7 10. Bd3 Nc5 11. 0-0 Nxd3 12. cxd3 0-0 13. Kh1 Re8 14. Nf5 exf5 15. exf5 Bxf5 16. h3 b5 17. g4 Be6 18. g5 hxg5 19. fxg5 Nh7 20. g6 fxg6 21. Bg3 Ng5 22. Qe3 b4 23. Ne2 Bd5+ 24. Kh2 Bf6 25. Qf2 Nf3+ 26. Kg2 Rxe2 27. Qxe2 Nd4+ 0-1

[Event "ECU-ch Schools U15 Clas1"]
[Site "Chess.com INT"]
[Date "2020.11.05"]
[Round "7"]
[White "Sanchez Muyulema, Anderson Isaac"]
[Black "Yantalima Barros, Luis Arturo"]
[Result "0-1"]
[WhiteElo "215"]
[BlackElo "1013"]
[PlyCount "70"]
[EventDate "2020.11.05"]
[EventType "swiss"]
[EventRounds "9"]
[EventCountry "ECU"]
[SourceTitle "EXT 2022"]
[Source "ChessBase"]
[SourceDate "2021.10.06"]
[SourceVersion "1"]
[SourceVersionDate "2021.10.06"]
[SourceQuality "1"]

1. e4 c5 2. Nf3 d6 3. Bc4 e6 4. Nc3 Nc6 5. d4 cxd4 6. Nxd4 Nf6 7. Bb5 Bd7 8. Nxc6 Bxc6 9. Bxc6+ bxc6 10. 0-0 Be7 11. f4 d5 12. e5 Nd7 13. b3 0-0 14. Bb2 Qb6+ 15. Kh1 c5 16. Qf3 f5 17. exf6 Nxf6 18. Qg3 d4 19. Na4 Qb7 20. Rad1 Nd5 21. c3 Ne3 22. cxd4 Nxf1 23. dxc5 Nxg3+ 24. hxg3 Rac8 25. Ba3 Rfd8 26. Re1 Qd5 27. Nc3 Qd2 28. Rxe6 Qxc3 29. Rxe7 Qa1+ 30. Kh2 Qxa2 31. Rxa7 Rd2 32. Kh3 Rxg2 33. c6 Qe2 34. Kh4 Rh2+ 35. Kg5 Rh5# 0-1

[Event "ECU-ch Schools U15 Clas1"]
[Site "Chess.com INT"]
[Date "2020.11.05"]
[Round "8"]
[White "Yantalima Barros, Luis Arturo"]
[Black "Torres Tomala, Jeffrey Josue"]
[Result "0-1"]
[WhiteElo "1013"]
[BlackElo "1384"]
[PlyCount "44"]
[EventDate "2020.11.05"]
[EventType "swiss"]
[EventRounds "9"]
[EventCountry "ECU"]
[SourceTitle "EXT 2022"]
[Source "ChessBase"]
[SourceDate "2021.10.06"]
[SourceVersion "1"]
[SourceVersionDate "2021.10.06"]
[SourceQuality "1"]

1. e4 c5 2. Nf3 d6 3. d4 cxd4 4. Nxd4 Nf6 5. Nc3 a6 6. Bg5 e6 7. Bd3 Nbd7 8. f4 h6 9. Bh4 Qb6 10. Nb3 g5 11. Bf2 Qc7 12. f5 exf5 13. exf5 Ne5 14. Qe2 Bg7 15. Bg3 0-0 16. 0-0-0 Re8 17. h4 Nc4 18. Qf2 Nxb2 19. Kxb2 Nd5 20. Kc1 Qxc3 21. hxg5 Qb2+ 22. Kd2 Bc3# 0-1

[Event "ECU-ch Schools U15 Clas1"]
[Site "Chess.com INT"]
[Date "2020.11.05"]
[Round "6"]
[White "Yantalima Barros, Luis Arturo"]
[Black "Villon Rodriguez, Diego"]
[Result "1-0"]
[WhiteElo "1013"]
[BlackElo "177"]
[PlyCount "53"]
[EventDate "2020.11.05"]
[EventType "swiss"]
[EventRounds "9"]
[EventCountry "ECU"]
[SourceTitle "EXT 2022"]
[Source "ChessBase"]
[SourceDate "2021.10.06"]
[SourceVersion "1"]
[SourceVersionDate "2021.10.06"]
[SourceQuality "1"]

1. e4 c5 2. Nf3 d6 3. d4 cxd4 4. Nxd4 Nf6 5. Nc3 g6 6. Be3 Bg7 7. Be2 0-0 8. Qd2 Nc6 9. Nxc6 bxc6 10. Bh6 Bb7 11. h4 c5 12. Bf3 Rb8 13. h5 Qb6 14. hxg6 fxg6 15. Bxg7 Kxg7 16. g4 Qxb2 17. Rb1 Qa3 18. Rb3 Qa6 19. Qh6+ Kf7 20. g5 Nxe4 21. Qxh7+ Ke8 22. Qxg6+ Rf7 23. Rh8+ Kd7 24. Rxb8 Rxf3 25. R8xb7+ Kc6 26. Qxe4+ d5 27. Qxd5# 1-0